Sports Quiz

Random Sports Quiz
Score 0/25 Timer 05:00
0 Plays Today
Real Name Wrestler % Correct
John HenniganJohn Morrison
76.3%
Joseph LaurinaitisRoad Warrior Animal
72.2%
Scott LevyRaven
70.3%
Edward FatuUmaga
67.7%
Edward LeslieBrutus Beefcake
66.2%
Phillip BrooksCM Punk
62.8%
Jacob HagerJack Swagger
58.3%
Richard BloodRicky Steamboat
43.6%
Dean SimonDean Malenko
42.9%
Allen JonesAJ Styles
39.5%
Alvin Burke, Jr.MVP
39.5%
Christopher ChavisTatanka
38%
Martin WrightThe Boogeyman
35.7%
Real Name Wrestler % Correct
Sione VailahiThe Barbarian
35.3%
Theodore WilsonTyson Kidd
30.8%
Rycklon StephensEzekiel Jackson
30.1%
Kia StevensAwesome Kong
28.2%
Lance McNaughtLance Cade
22.9%
Josip PeruzovińáNikolai Volkoff
21.4%
Brian HeffronThe Blue Meanie
19.5%
Michael AlfonsoMike Awesome
18.4%
George GrayOne Man Gang
16.5%
James HarrisKamala
15.4%
Eldridge ColemanSuperstar Billy Graham
13.5%
Joshua HarterChris Sabin
7.5%
Remove Ads.
Support Sporcle.
Get the best of Sporcle when you Go Orange. This ad-free experience offers more features, more stats, and more fun while also helping to support Sporcle. Thank you for becoming a member.

You're not logged in!

Compare scores with friends on all Sporcle quizzes.
OR
Log In

Show Comments

Extras

Created Sep 24, 2009ReportNominate
Tags:Wrestlers

Top Quizzes Today


Score Distribution

Your Account Isn't Verified!

In order to create a playlist on Sporcle, you need to verify the email address you used during registration. Go to your Sporcle Settings to finish the process.

Report this User

Report this user for behavior that violates our Community Guidelines.

Details: